[Event "11th Africa-ch (w)"]
[Site "Oran ALG"]
[Date "2017.07.04"]
[Round "4"]
[White "Khaled, Mouna"]
[Black "Mezioud, Amina"]
[Result "1-0"]
[WhiteElo "2189"]
[BlackElo "2065"]
[EventDate "2017.07.02"]
[PlyCount "59"]

1.d4 Nf6 2.Nc3 c5 3.d5 d6 4.e4 g6 5.f4 Nbd7 6.Nf3 Bg7 7.e5 Ng8 8.e6 fxe6 
9.dxe6 Nb8 10.Ng5 Nh6 11.h4 Nc6 12.Bb5 a6 13.Bxc6+ bxc6 14.h5 d5 15.hxg6 
Qd6 16.gxh7 Bxe6 17.Rxh6 Bxh6 18.Qh5+ Kd7 19.Qxh6 Raf8 20.Be3 Bf5 21.Qxd6+
Kxd6 22.O-O-O Bxh7 23.Na4 Bf5 24.Bxc5+ Kc7 25.Re1 Re8 26.Ne6+ Bxe6 27.Rxe6
Rh1+ 28.Kd2 Rh2 29.Rg6 Rf8 30.Bxe7 1-0

[Event "11th Africa-ch (w)"]
[Site "Oran ALG"]
[Date "2017.07.04"]
[Round "4"]
[White "Latreche, Sabrina"]
[Black "Shroohk, Wafa"]
[Result "0-1"]
[WhiteElo "2056"]
[BlackElo "2165"]
[EventDate "2017.07.02"]
[PlyCount "88"]

1.e4 c5 2.Nf3 d6 3.Bb5+ Nc6 4.O-O Bd7 5.d4 cxd4 6.Nxd4 g6 7.Nxc6 bxc6 8.
Bc4 Bg7 9.c3 Nf6 10.Re1 O-O 11.h3 Qc7 12.Qd3 Rad8 13.Bg5 h6 14.Bf4 e5 15.
Bh2 Qb7 16.Qe2 Nxe4 17.Qxe4 Qxb2 18.Qe3 Qxa1 19.Qd2 Rb8 20.Bb3 Rxb3 21.
axb3 Bf5 22.Qxd6 Bxb1 23.Qd1 Qxc3 24.Qxb1 Rd8 25.Rc1 Qd3 26.Qxd3 Rxd3 27.
Bg3 Rxb3 28.Rxc6 Rb7 29.Rc8+ Kh7 30.Re8 f6 31.f4 exf4 32.Bxf4 f5 33.Be3 g5
34.Ra8 f4 35.Bf2 Rb1+ 36.Kh2 Rb2 37.Kg1 Kg6 38.Rxa7 Rb1+ 39.Kh2 Be5 40.
Ra6+ Kf5 41.Ra2 h5 42.g3 f3 43.Ra3 g4 44.hxg4+ hxg4 0-1

[Event "11th Africa-ch (w)"]
[Site "Oran ALG"]
[Date "2017.07.04"]
[Round "4"]
[White "Marzouk, Amira"]
[Black "Lalaoui, Feriel"]
[Result "0-1"]
[WhiteElo "1702"]
[BlackElo "1719"]
[EventDate "2017.07.02"]
[PlyCount "98"]

1.d4 Nf6 2.Bf4 e6 3.e3 b6 4.Nf3 Bb7 5.Nbd2 c5 6.c3 Be7 7.Bd3 Nc6 8.O-O 
cxd4 9.exd4 d6 10.Qe2 h6 11.h3 O-O 12.Rfe1 Re8 13.Rad1 Bf8 14.Ba6 Bxa6 15.
Qxa6 Ne7 16.Bh2 Ng6 17.Ne4 Nd5 18.a4 Ndf4 19.Re3 f5 20.Ng3 Qf6 21.Qc4 Kh8 
22.Nf1 Nd5 23.Ree1 Ngf4 24.Ne3 Rac8 25.Qb3 g5 26.Nxd5 Nxd5 27.Re2 g4 28.
hxg4 fxg4 29.Nd2 Rc7 30.Ne4 Qd8 31.Rde1 Rg7 32.Nd2 Rg6 33.Qc2 Qf6 34.Ne4 
Qg7 35.Nxd6 Bxd6 36.Bxd6 h5 37.c4 Nf6 38.Rxe6 Rxe6 39.Rxe6 h4 40.Be5 g3 
41.f3 Qh6 42.Bxf6+ Rxf6 43.Re8+ Kg7 44.d5 h3 45.gxh3 Rxf3 46.Qd1 Qf4 47.d6
g2 48.Re1 Rxh3 49.Re7+ Kf8 0-1

[Event "11th Africa-ch (w)"]
[Site "Oran ALG"]
[Date "2017.07.04"]
[Round "4"]
[White "Ibbou, Schahinez"]
[Black "Hamlaoui, Asma"]
[Result "0-1"]
[WhiteElo "1445"]
[BlackElo "1734"]
[EventDate "2017.07.02"]
[PlyCount "82"]

1.e4 e6 2.d4 d5 3.e5 c5 4.c3 Nc6 5.Nf3 Qb6 6.Be2 Nge7 7.Na3 cxd4 8.cxd4 
Nf5 9.Nc2 Bb4+ 10.Kf1 Be7 11.Rb1 a5 12.Be3 Bd7 13.a3 a4 14.g3 Na5 15.Nd2 
Bb5 16.Bxb5+ Qxb5+ 17.Qe2 Qb6 18.Qd3 Rc8 19.Kg2 O-O 20.b3 Qc6 21.Nb4 Qc3 
22.Qxc3 Rxc3 23.bxa4 Nxe3+ 24.fxe3 Rxe3 25.Kf2 Rxa3 26.Rhc1 Rxa4 27.Nd3 
Bg5 28.Ke2 Bxd2 29.Kxd2 Rxd4 30.Ke3 Rc4 31.Rxc4 Nxc4+ 32.Kd4 b6 33.Nb4 h6 
34.Na6 Ra8 35.Nc7 Ra2 36.Nb5 Rd2+ 37.Kc3 Rxh2 38.Nd6 Nxe5 39.Rxb6 Rg2 40.
Rb8+ Kh7 41.Kd4 Nc6+ 0-1

[Event "11th Africa-ch (w)"]
[Site "Oran ALG"]
[Date "2017.07.04"]
[Round "4"]
[White "Chihi, Malak"]
[Black "Ghanem, Yasmine"]
[Result "0-1"]
[WhiteElo "1623"]
[BlackElo "1570"]
[EventDate "2017.07.02"]
[PlyCount "114"]

1.e4 e5 2.Nf3 Nc6 3.d4 exd4 4.Nxd4 Bc5 5.Be3 Qf6 6.c3 a5 7.Qd2 Nge7 8.Nb5 
Bxe3 9.Qxe3 Kd8 10.Nd2 Re8 11.Qg3 d6 12.O-O-O Bd7 13.Nc4 Nc8 14.f3 Ne5 15.
Qf2 Bxb5 16.Nxd6 Nxd6 17.Bxb5 c6 18.Rxd6+ Qxd6 19.Rd1 Qxd1+ 20.Kxd1 cxb5 
21.Qd4+ Kc7 22.Qc5+ Nc6 23.Qxb5 Re5 24.Qc4 Rd8+ 25.Ke2 Rd7 26.Ke3 f5 27.b4
axb4 28.cxb4 b5 29.Qc3 fxe4 30.fxe4 Rd4 31.Qc2 Rexe4+ 32.Qxe4 Rxe4+ 33.
Kxe4 Kd6 34.Kd3 Nxb4+ 35.Kc3 Nxa2+ 36.Kb3 Nc1+ 37.Kb4 Kc6 38.g3 Nd3+ 39.
Kc3 Nf2 40.Kb3 Kc5 41.Kc3 Ng4 42.h3 Nf2 43.h4 Ne4+ 44.Kb3 Nxg3 45.h5 Nxh5 
46.Kc3 g5 47.Kd3 g4 48.Ke3 g3 49.Kf3 b4 50.Kg2 b3 51.Kh3 b2 52.Kh4 g2 53.
Kxh5 g1=Q 54.Kh4 b1=R 55.Kh3 Qg8 56.Kh2 h6 57.Kh3 Rh1# 0-1

[Event "11th Africa-ch (w)"]
[Site "Oran ALG"]
[Date "2017.07.06"]
[Round "5"]
[White "Khaled, Mouna"]
[Black "Shahenda, Wafa"]
[Result "1/2-1/2"]
[WhiteElo "2189"]
[BlackElo "2112"]
[EventDate "2017.07.02"]
[PlyCount "120"]

1.d4 Nf6 2.Nc3 d5 3.Bg5 Nbd7 4.Nf3 e6 5.e4 dxe4 6.Nxe4 Be7 7.Nxf6+ Bxf6 8.
Bf4 O-O 9.Bd3 c5 10.c3 cxd4 11.cxd4 Qa5+ 12.Bd2 Qd8 13.O-O e5 14.Re1 exd4 
15.Qc2 h6 16.Bb4 Nb6 17.Bxf8 Qxf8 18.Qe2 g6 19.Ne5 Bd7 20.Nxd7 Nxd7 21.
Rac1 Qd6 22.Rc2 Nb6 23.Qg4 Kg7 24.Qg3 Qb4 25.Kf1 Nd5 26.a3 Qb6 27.Be4 Qb5+
28.Qd3 Qd7 29.Qf3 Qb5+ 30.Kg1 Rd8 31.Rec1 b6 32.Rc6 Bg5 33.Bxd5 Qxd5 34.
Qxd5 Rxd5 35.Rd1 Bf6 36.Kf1 d3 37.b3 Bb2 38.a4 d2 39.Rc7 a6 40.Ke2 Bc1 41.
Rc6 Re5+ 42.Kd3 b5 43.Rxa6 bxa4 44.Rxa4 Re1 45.Kc2 Re2 46.Rf4 f5 47.Rf3 
Kf6 48.b4 Re5 49.Rd3 f4 50.R1xd2 Bxd2 51.Rxd2 f3 52.gxf3 Rh5 53.Kd3 Rxh2 
54.b5 Ke6 55.Ke3 Rh1 56.Rc2 Rb1 57.Rc6+ Kf5 58.Rc5+ Kf6 59.Kf4 Rb4+ 60.Kg3
h5 1/2-1/2

[Event "11th Africa-ch (w)"]
[Site "Oran ALG"]
[Date "2017.07.06"]
[Round "5"]
[White "February, Jesse Nikki"]
[Black "Toubal, Hayet"]
[Result "0-1"]
[WhiteElo "1823"]
[BlackElo "1909"]
[EventDate "2017.07.02"]
[PlyCount "74"]

1.e4 c6 2.Nc3 d5 3.Nf3 Bg4 4.h3 Bxf3 5.Qxf3 dxe4 6.Nxe4 e6 7.b3 Nf6 8.Bb2 
Nxe4 9.Qxe4 Nd7 10.g4 Nf6 11.Qf3 Qd5 12.Be2 Rg8 13.O-O-O O-O-O 14.Qf4 Bd6 
15.Qa4 Bb8 16.f4 Qe4 17.Bc4 Qxf4 18.Rhf1 Qg5 19.Bd3 h6 20.Bd4 c5 21.Bc3 
Rd7 22.Bb5 Re7 23.Rde1 Nd5 24.Bb2 Rd8 25.Re4 Nb6 26.Qa5 Rd5 27.h4 Qxh4 28.
Bxg7 f5 29.gxf5 Qxe4 30.f6 Rf7 31.Bd3 Qg4 32.Qb5 Nd7 33.Bc4 Rf5 34.Re1 Re5
35.Rh1 Rxg7 36.fxg7 Qxg7 37.Rf1 Re1+ 0-1

[Event "11th Africa-ch (w)"]
[Site "Oran ALG"]
[Date "2017.07.06"]
[Round "5"]
[White "Hamza, Amira"]
[Black "Lalaoui, Feriel"]
[Result "1/2-1/2"]
[WhiteElo "1912"]
[BlackElo "1719"]
[EventDate "2017.07.02"]
[PlyCount "97"]

1.d4 Nf6 2.Nf3 e6 3.Bf4 c5 4.c3 b6 5.Nbd2 Bb7 6.e3 Nc6 7.Bd3 Be7 8.h3 O-O 
9.O-O d5 10.Qe2 cxd4 11.exd4 Re8 12.Rfe1 Nd7 13.Ne5 Ncxe5 14.dxe5 a6 15.
Qg4 Nf8 16.Bh6 Ng6 17.Bxg6 hxg6 18.Be3 Rc8 19.Rad1 b5 20.Nf3 Rc4 21.Rd4 
Rxd4 22.Nxd4 Qc7 23.Bg5 Bxg5 24.Qxg5 b4 25.Qe3 Rc8 26.Rc1 Qc5 27.Qd2 Qc7 
28.Qg5 Qc4 29.Qe7 Ba8 30.Nf3 Qf4 31.Re1 bxc3 32.bxc3 Rf8 33.Rb1 d4 34.Qc5 
Bxf3 35.gxf3 Qxf3 36.Qxd4 Qxh3 37.Rb6 Rc8 38.Rb3 Qf5 39.c4 Qg5+ 40.Kh2 Qc1
41.Rc3 Qb2 42.a3 g5 43.c5 Qb7 44.Qd6 Qc6 45.Kg3 f6 46.Qe7 Re8 47.Qd6 Rc8 
48.Qe7 Re8 49.Qd6 1/2-1/2

[Event "11th Africa-ch (w)"]
[Site "Oran ALG"]
[Date "2017.07.06"]
[Round "5"]
[White "Shroohk, Wafa"]
[Black "Caxita, Esperanca"]
[Result "1-0"]
[WhiteElo "2165"]
[BlackElo "1876"]
[EventDate "2017.07.02"]
[PlyCount "69"]

1.e4 g6 2.d4 Bg7 3.Nc3 c6 4.Be3 d5 5.Nf3 Nf6 6.e5 Ng4 7.Bf4 f6 8.h3 fxe5 
9.dxe5 Nh6 10.Qd2 Nf7 11.O-O-O e6 12.h4 Nd7 13.Re1 b5 14.h5 b4 15.hxg6 
hxg6 16.Rxh8+ Bxh8 17.Nb1 c5 18.Bd3 Nf8 19.Bh6 g5 20.Bxg5 Qc7 21.Bh6 Nxe5 
22.Bb5+ Bd7 23.Bxd7+ Kxd7 24.Nxe5+ Bxe5 25.f4 Bf6 26.f5 Qd6 27.Bxf8 Qxf8 
28.Rxe6 Bd4 29.Qg5 Re8 30.Qg6 Rxe6 31.Qxe6+ Kc7 32.c3 Bf6 33.Qxd5 Qh6+ 34.
Kc2 Qe3 35.cxb4 1-0

[Event "11th Africa-ch (w)"]
[Site "Oran ALG"]
[Date "2017.07.06"]
[Round "5"]
[White "Hamlaoui, Asma"]
[Black "Nassr, Rania"]
[Result "0-1"]
[WhiteElo "1734"]
[BlackElo "1783"]
[EventDate "2017.07.02"]
[PlyCount "68"]

1.e4 c5 2.Nc3 Nc6 3.f4 a6 4.Nf3 e6 5.d4 cxd4 6.Nxd4 d6 7.Be3 Nf6 8.Nb3 b5 
9.Qf3 Bb7 10.Bd3 Qc7 11.g4 h6 12.g5 hxg5 13.fxg5 Ne5 14.Qe2 Nfd7 15.O-O-O 
Nxd3+ 16.Qxd3 Ne5 17.Qd4 Nf3 18.Qd3 b4 19.Na4 Qc6 20.Nb6 Rd8 21.Na5 Qxe4 
22.Qb3 Rxh2 23.Rxh2 Nxh2 24.Qa4+ Ke7 25.Nxb7 Qxe3+ 26.Kb1 Qxb6 27.Nxd8 
Kxd8 28.Qb3 Ng4 29.g6 d5 30.gxf7 Ke7 31.Rf1 Nf6 32.Qf3 Qd4 33.Qg3 Qb6 34.
Qf3 Kxf7 0-1

[Event "11th Africa-ch (w)"]
[Site "Oran ALG"]
[Date "2017.07.06"]
[Round "5"]
[White "Ghanem, Yasmine"]
[Black "Latreche, Sabrina"]
[Result "0-1"]
[WhiteElo "1570"]
[BlackElo "2056"]
[EventDate "2017.07.02"]
[PlyCount "90"]

1.e4 e5 2.Nf3 Nc6 3.Bb5 a6 4.Ba4 Nge7 5.Nc3 g6 6.d4 exd4 7.Nd5 Bg7 8.Bg5 
b5 9.Nf6+ Kf8 10.Bb3 h6 11.Bh4 Bb7 12.Qd2 g5 13.Bxg5 hxg5 14.Nxg5 Ng6 15.
Nfh7+ Rxh7 16.Nxh7+ Kg8 17.Ng5 Nce5 18.f4 Nc4 19.Qf2 Qf6 20.g3 Re8 21.
O-O-O Bxe4 22.Rhe1 d5 23.Nf3 Ne3 24.Rxd4 Bxf3 25.Rxe3 Rxe3 26.Qxe3 Qxd4 
27.Qxf3 Qxb2+ 28.Kd2 Qd4+ 29.Qd3 Qf2+ 30.Kd1 Qg1+ 31.Kd2 Qxh2+ 32.Kd1 Qg1+
33.Ke2 Qg2+ 34.Kd1 Ne7 35.a4 Qe4 36.axb5 Qxd3+ 37.cxd3 axb5 38.g4 c5 39.f5
c4 40.dxc4 dxc4 41.Bc2 Nd5 42.Ke2 Bd4 43.Be4 Nc3+ 44.Kf3 Nxe4 45.Kxe4 c3 
0-1

[Event "11th Africa-ch (w)"]
[Site "Oran ALG"]
[Date "2017.07.06"]
[Round "5"]
[White "Mezioud, Amina"]
[Black "Chihi, Malak"]
[Result "1-0"]
[WhiteElo "2065"]
[BlackElo "1623"]
[EventDate "2017.07.02"]
[PlyCount "117"]

1.e4 e5 2.Nf3 Nc6 3.Bb5 a6 4.Ba4 g6 5.c3 Bg7 6.d4 exd4 7.cxd4 b5 8.Bc2 d6 
9.h3 Nge7 10.O-O O-O 11.Nc3 Na5 12.Re1 c5 13.dxc5 dxc5 14.Qxd8 Rxd8 15.Be3
Nb7 16.Rad1 Be6 17.Ng5 Bxc3 18.Nxe6 Rxd1 19.Rxd1 Bxb2 20.Nc7 Rd8 21.Rxd8+ 
Nxd8 22.Bxc5 Nec6 23.Nxa6 Ne6 24.Be3 Ba3 25.Bd3 b4 26.Kf1 Ncd4 27.Bc4 Kf8 
28.Bxe6 Nxe6 29.Bd2 b3 30.axb3 Ke7 31.b4 Nd4 32.Be3 Nb5 33.Ke2 Kd6 34.Kd3 
Kc6 35.Kc4 Bb2 36.Nb8+ Kb7 37.Kxb5 Kxb8 38.Kc6 Kc8 39.b5 Be5 40.b6 Bb8 41.
b7+ Kd8 42.Bb6+ Ke7 43.Bc7 Ba7 44.b8=Q Bxb8 45.Bxb8 Ke6 46.f4 h6 47.g4 f5 
48.gxf5+ gxf5 49.e5 Ke7 50.Bd6+ Ke6 51.Bb4 h5 52.h4 Kf7 53.Kd7 Kg7 54.e6 
Kg6 55.e7 Kh7 56.e8=Q Kh6 57.Bf8+ Kh7 58.Qf7+ Kh8 59.Qg7# 1-0

[Event "11th Africa-ch (w)"]
[Site "Oran ALG"]
[Date "2017.07.06"]
[Round "5"]
[White "Nassr, Lina"]
[Black "Ibbou, Schahinez"]
[Result "1-0"]
[WhiteElo "1751"]
[BlackElo "1445"]
[EventDate "2017.07.02"]
[PlyCount "87"]

1.e4 e5 2.Nf3 Nc6 3.c3 Nf6 4.d4 d6 5.d5 Ne7 6.Bd3 Ng6 7.O-O Be7 8.Re1 O-O 
9.c4 Nh5 10.Nc3 Bd7 11.Bd2 Qc8 12.b4 Bg4 13.h3 Bd7 14.Bf1 Nhf4 15.Be3 f5 
16.Kh2 Qe8 17.g3 fxe4 18.Nxe4 Nh5 19.Nfd2 Nf6 20.Qb3 Nxe4 21.Nxe4 Qf7 22.
Bg2 h5 23.Rac1 h4 24.c5 Rac8 25.cxd6 cxd6 26.Bxa7 Ra8 27.Be3 Rfc8 28.Nd2 
Kh7 29.Nc4 Rh8 30.Nb6 Rad8 31.Nxd7 Rxd7 32.Rc2 hxg3+ 33.fxg3 Kg8 34.Rf1 
Bf6 35.Rc8+ Nf8 36.Qc2 Qh5 37.Rf5 Qh7 38.Qf2 Rf7 39.g4 e4 40.Kh1 Qg6 41.g5
Be5 42.Rxf8+ Rxf8 43.Rxf8+ Kh7 44.Qh4+ 1-0

[Event "11th Africa-ch (w)"]
[Site "Oran ALG"]
[Date "2017.07.07"]
[Round "6"]
[White "Shahenda, Wafa"]
[Black "Toubal, Hayet"]
[Result "1-0"]
[WhiteElo "2112"]
[BlackElo "1909"]
[EventDate "2017.07.02"]
[PlyCount "61"]

1.e4 c6 2.d4 d5 3.e5 Bf5 4.Nf3 e6 5.Be2 Qb6 6.Nc3 c5 7.O-O cxd4 8.Nxd4 Bg6
9.Be3 a6 10.Nb3 Qc7 11.f4 h5 12.f5 Bxf5 13.Rxf5 g6 14.Rf1 Bg7 15.Nd4 Nc6 
16.Ndb5 axb5 17.Nxb5 Qxe5 18.Bf4 Qxb2 19.Nc7+ Kd7 20.Nxa8 Bd4+ 21.Kh1 Qa3 
22.Bb5 Bxa1 23.Qxa1 Rh7 24.Nb6+ Ke8 25.Qe5 Qa7 26.Nxd5 Kf8 27.Qd6+ Kg7 28.
Bxc6 bxc6 29.Be5+ f6 30.Nxf6 Nxf6 31.Bxf6+ 1-0

[Event "11th Africa-ch (w)"]
[Site "Oran ALG"]
[Date "2017.07.07"]
[Round "6"]
[White "Hamza, Amira"]
[Black "Khaled, Mouna"]
[Result "0-1"]
[WhiteElo "1912"]
[BlackElo "2189"]
[EventDate "2017.07.02"]
[PlyCount "78"]

1.d4 Nf6 2.c4 g6 3.Nc3 Bg7 4.e4 d6 5.Be2 Nc6 6.Nf3 O-O 7.h3 e5 8.d5 Ne7 9.
Be3 c6 10.Nd2 b5 11.dxc6 b4 12.c7 Qxc7 13.Nd5 Nfxd5 14.cxd5 f5 15.Rc1 Qd8 
16.f3 Kh8 17.O-O f4 18.Bf2 Ng8 19.Nc4 Rf7 20.Qa4 Bf8 21.Qxb4 g5 22.Rfd1 h5
23.Qe1 Rg7 24.Rc3 Qf6 25.Rdc1 Bd7 26.R1c2 Nh6 27.Na5 Qg6 28.Bf1 g4 29.fxg4
hxg4 30.hxg4 Bxg4 31.Nc6 Nf7 32.Bh4 Rh7 33.Be2 Bd7 34.Kf1 Rh6 35.Bf3 Ng5 
36.Bf2 Rh1+ 37.Bg1 Nh3 38.Qh4+ Kg8 39.Ke2 Nxg1+ 0-1

[Event "11th Africa-ch (w)"]
[Site "Oran ALG"]
[Date "2017.07.07"]
[Round "6"]
[White "February, Jesse Nikki"]
[Black "Shroohk, Wafa"]
[Result "1-0"]
[WhiteElo "1823"]
[BlackElo "2165"]
[EventDate "2017.07.02"]
[PlyCount "93"]

1.e4 c5 2.Nf3 Nc6 3.Bb5 g6 4.O-O Bg7 5.c3 d6 6.d4 cxd4 7.cxd4 Bd7 8.Nc3 
Nf6 9.h3 O-O 10.Bg5 h6 11.Be3 a6 12.Bxc6 Bxc6 13.d5 Bd7 14.Qd2 Kh7 15.Rfd1
Rc8 16.Qd3 b5 17.a4 b4 18.Nb1 Qa5 19.Nbd2 Bxa4 20.Nd4 Bb5 21.Qb3 Qc7 22.
Nxb5 axb5 23.Rdc1 Qb7 24.Qxb4 Rxc1+ 25.Rxc1 Ra8 26.b3 Ra2 27.Kh2 Nd7 28.
Nf3 Ra6 29.Nd4 Nc5 30.Qxb5 Qxb5 31.Nxb5 Nxe4 32.Rc7 Bf6 33.Rc4 Ra5 34.Nc7 
Nc3 35.Bd2 Be5+ 36.f4 Bxf4+ 37.Rxf4 Nxd5 38.Rd4 Ra3 39.Nxd5 e6 40.Nf6+ Kg7
41.Ne8+ Kf8 42.Nxd6 Rxb3 43.Bxh6+ Kg8 44.Ne4 Kh7 45.Bf4 Rb7 46.Be5 Kh6 47.
Bf6 1-0

[Event "11th Africa-ch (w)"]
[Site "Oran ALG"]
[Date "2017.07.07"]
[Round "6"]
[White "Lalaoui, Feriel"]
[Black "Nassr, Rania"]
[Result "0-1"]
[WhiteElo "1719"]
[BlackElo "1783"]
[EventDate "2017.07.02"]
[PlyCount "76"]

1.e4 c5 2.Nf3 e6 3.d4 cxd4 4.Nxd4 Nf6 5.Nc3 Nc6 6.Ndb5 Bb4 7.a3 Bxc3+ 8.
Nxc3 d5 9.exd5 Nxd5 10.Nxd5 exd5 11.Bd3 O-O 12.O-O Re8 13.f4 f5 14.Qh5 g6 
15.Qh6 Qf6 16.Bd2 Qxb2 17.h4 Qd4+ 18.Kh2 Nd8 19.Qg5 Nf7 20.Qg3 Bd7 21.Rad1
Nh6 22.Rf3 Ng4+ 23.Kh1 Qf6 24.Bf1 Bc6 25.Bc3 Qe7 26.Bd4 Qe6 27.Qh3 h5 28.
Qg3 Kh7 29.Rb3 Qe4 30.c3 Qe7 31.Rbb1 Qxa3 32.Ra1 Qd6 33.Rxa7 Rxa7 34.Bxa7 
Re4 35.Rd4 Qa3 36.Rxe4 dxe4 37.Bd4 Qc1 38.Kg1 Bb5 0-1

[Event "11th Africa-ch (w)"]
[Site "Oran ALG"]
[Date "2017.07.07"]
[Round "6"]
[White "Latreche, Sabrina"]
[Black "Mezioud, Amina"]
[Result "1/2-1/2"]
[WhiteElo "2056"]
[BlackElo "2065"]
[EventDate "2017.07.02"]
[PlyCount "66"]

1.c4 c5 2.Nc3 g6 3.g3 Bg7 4.Bg2 Nf6 5.Nf3 O-O 6.O-O e6 7.d3 Nc6 8.Be3 d6 
9.h3 Bd7 10.Qd2 a6 11.Bh6 Rb8 12.Bxg7 Kxg7 13.b3 b5 14.cxb5 axb5 15.d4 Qe7
16.dxc5 dxc5 17.e3 Rfd8 18.Qe2 Nb4 19.Rfd1 Bc6 20.Rxd8 Qxd8 21.Qd1 Qxd1+ 
22.Rxd1 Nfd5 23.Nxd5 Bxd5 24.Ne5 Bxg2 25.Kxg2 Nd5 26.Rd2 Re8 27.a4 bxa4 
28.bxa4 Ra8 29.Rc2 Rxa4 30.Rxc5 Ra7 31.Nf3 Kf6 32.Rc2 Rc7 33.Rxc7 Nxc7 
1/2-1/2

[Event "11th Africa-ch (w)"]
[Site "Oran ALG"]
[Date "2017.07.07"]
[Round "6"]
[White "Caxita, Esperanca"]
[Black "Marzouk, Amira"]
[Result "1-0"]
[WhiteElo "1876"]
[BlackElo "1702"]
[EventDate "2017.07.02"]
[PlyCount "39"]

1.e4 c5 2.Nf3 d6 3.d4 cxd4 4.Nxd4 Nf6 5.Nc3 g6 6.Be2 Bg7 7.Be3 Nbd7 8.Qd2 
a6 9.h3 b5 10.O-O Bb7 11.f3 Rc8 12.Rad1 Qc7 13.a3 Nb6 14.Rfe1 O-O 15.Kh1 
Rfd8 16.Bf2 e5 17.Nb3 d5 18.Bd3 dxe4 19.fxe4 Qe7 20.Bxb6 1-0

[Event "11th Africa-ch (w)"]
[Site "Oran ALG"]
[Date "2017.07.07"]
[Round "6"]
[White "Nassr, Lina"]
[Black "Ghanem, Yasmine"]
[Result "1-0"]
[WhiteElo "1751"]
[BlackElo "1570"]
[EventDate "2017.07.02"]
[PlyCount "59"]

1.d4 Nf6 2.Nf3 e6 3.e3 c5 4.Bd3 cxd4 5.exd4 Nc6 6.O-O Qc7 7.a3 b6 8.b3 Bb7
9.Bb2 Be7 10.Nbd2 O-O 11.c4 d5 12.Rc1 Rac8 13.Qe2 Qf4 14.Rfe1 Bd6 15.b4 
Ng4 16.h3 Nh6 17.c5 Bb8 18.b5 Ne7 19.g3 Qf6 20.c6 Ba8 21.Ne5 Nhf5 22.Nd7 
Qh6 23.Nxf8 Kxf8 24.Kg2 Qf6 25.Nf3 h6 26.Ne5 Bxe5 27.dxe5 Qg5 28.Kh2 h5 
29.a4 Ng6 30.Rc2 1-0

[Event "11th Africa-ch (w)"]
[Site "Oran ALG"]
[Date "2017.07.07"]
[Round "6"]
[White "Chihi, Malak"]
[Black "Ibbou, Schahinez"]
[Result "1/2-1/2"]
[WhiteElo "1623"]
[BlackElo "1445"]
[EventDate "2017.07.02"]
[PlyCount "125"]

1.e4 e5 2.Nf3 Nc6 3.Nc3 Nf6 4.g3 Be7 5.Bg2 O-O 6.O-O d6 7.d3 Bg4 8.h3 Bh5 
9.Qd2 Bxf3 10.Bxf3 Nd4 11.Bg2 Nh5 12.Qd1 Nf6 13.Ne2 Ne6 14.f4 h6 15.Kh2 
Qe8 16.fxe5 dxe5 17.Rf5 Nd7 18.Be3 Bc5 19.Bxc5 Nexc5 20.Nc3 c6 21.Qd2 Kh7 
22.Raf1 Ne6 23.Rh5 g5 24.Rf5 f6 25.Qe2 Ng7 26.g4 Nc5 27.Qf2 Nxf5 28.Qxf5+ 
Qg6 29.Qf2 Ne6 30.Qf3 Nf4 31.Ne2 Nxh5 32.gxh5 Qf7 33.a3 f5 34.exf5 Qxf5 
35.Qxf5+ Rxf5 36.Be4 Kg7 37.Bxf5 Rf8 38.Bg4 Rf1 39.Kg2 Rb1 40.Ng3 Rxb2 41.
Nf5+ Kh7 42.Ne3 Ra2 43.Bc8 b5 44.Bd7 Rxa3 45.Bxc6 b4 46.Nd5 a5 47.Kf3 Ra2 
48.Ne3 a4 49.Bd5 Rb2 50.Be6 a3 51.Ke4 a2 52.Bxa2 Rxa2 53.Kxe5 Ra3 54.Ke4 
b3 55.cxb3 Rxb3 56.d4 Rb8 57.d5 Rb4+ 58.Kf3 Rd4 59.Kg3 Rf4 60.Ng2 Rd4 61.
Ne3 Rd3 62.Kf3 Rd4 63.Kg3 1/2-1/2

[Event "11th Africa-ch (w)"]
[Site "Oran ALG"]
[Date "2017.07.08"]
[Round "7"]
[White "Nassr, Rania"]
[Black "Shahenda, Wafa"]
[Result "0-1"]
[WhiteElo "1783"]
[BlackElo "2112"]
[EventDate "2017.07.02"]
[PlyCount "102"]

1.d4 Nf6 2.Nf3 c5 3.e3 d5 4.c4 e6 5.Nc3 Nc6 6.a3 cxd4 7.exd4 dxc4 8.Bxc4 
Bd6 9.Bg5 h6 10.Bxf6 Qxf6 11.Ne4 Qe7 12.Nxd6+ Qxd6 13.O-O O-O 14.d5 exd5 
15.Bxd5 Qg6 16.Qb3 Qf6 17.Rfe1 a6 18.Rac1 Ne7 19.Bxb7 Rb8 20.Rc7 Nf5 21.
Qd5 Rd8 22.Qc6 Bxb7 23.Qxf6 gxf6 24.Rc5 Nd6 25.Nh4 Rbc8 26.Rh5 Kg7 27.h3 
Be4 28.Ra5 Bd3 29.a4 Rc4 30.Nf3 Re4 31.Rd1 Nb7 32.Rh5 Rxa4 33.Rh4 Rxh4 34.
Nxh4 Bc2 35.Rc1 Rd1+ 36.Rxd1 Bxd1 37.Nf5+ Kh7 38.Kf1 Nc5 39.Ke1 Bb3 40.Nd4
Bd5 41.f3 Nd3+ 42.Kd2 Nxb2 43.Kc2 Nc4 44.Kd3 Ne5+ 45.Kc3 a5 46.Nc2 a4 47.
Kd4 Bb3 48.Na3 Kg6 49.f4 Nc6+ 50.Kc5 Ne7 51.g4 Nd5 0-1

[Event "11th Africa-ch (w)"]
[Site "Oran ALG"]
[Date "2017.07.08"]
[Round "7"]
[White "Toubal, Hayet"]
[Black "Khaled, Mouna"]
[Result "1-0"]
[WhiteElo "1909"]
[BlackElo "2189"]
[EventDate "2017.07.02"]
[PlyCount "91"]

1.d4 Nf6 2.Nf3 g6 3.Bf4 Bg7 4.e3 d6 5.Be2 O-O 6.h3 Nbd7 7.Nbd2 Re8 8.Bh2 
e5 9.dxe5 dxe5 10.e4 b6 11.Bb5 Bb7 12.Qe2 a6 13.Ba4 h6 14.c4 Qe7 15.a3 
Red8 16.O-O Nc5 17.Bc2 Nfd7 18.Rab1 a5 19.a4 Na6 20.Rbd1 Nb4 21.Nb1 Nc5 
22.Nc3 Qe8 23.Rfe1 c6 24.Kh1 Ba6 25.b3 Ne6 26.Bb1 Bb7 27.Na2 Na6 28.Nc1 
Nac5 29.Qb2 Rxd1 30.Rxd1 Nd4 31.Nxe5 Nde6 32.f3 Rd8 33.Rxd8 Qxd8 34.Qe2 
Nd4 35.Qd1 f6 36.Nxg6 Qd7 37.Nf4 Bc8 38.Bc2 b5 39.cxb5 cxb5 40.axb5 Nxc2 
41.Qxc2 Qxb5 42.Bg1 Bf8 43.Qc3 Qf1 44.Nce2 Ba6 45.Ng3 Nxe4 46.Nxe4 1-0

[Event "11th Africa-ch (w)"]
[Site "Oran ALG"]
[Date "2017.07.08"]
[Round "7"]
[White "Latreche, Sabrina"]
[Black "February, Jesse Nikki"]
[Result "0-1"]
[WhiteElo "2056"]
[BlackElo "1823"]
[EventDate "2017.07.02"]
[PlyCount "48"]

1.e4 e6 2.d4 d5 3.Nd2 Nf6 4.e5 Nfd7 5.Bd3 c5 6.c3 Nc6 7.Ne2 cxd4 8.cxd4 f6
9.exf6 Nxf6 10.Nf3 Bd6 11.O-O O-O 12.Bf4 Bxf4 13.Nxf4 Ne4 14.g3 Qf6 15.h4 
h6 16.h5 Bd7 17.Qe2 Ng5 18.Nxg5 hxg5 19.Ng6 Nxd4 20.Qe3 Nf3+ 21.Kg2 d4 22.
Qe4 Nd2 23.Qxb7 Rfd8 24.Be4 Rab8 0-1

[Event "11th Africa-ch (w)"]
[Site "Oran ALG"]
[Date "2017.07.08"]
[Round "7"]
[White "Shroohk, Wafa"]
[Black "Hamza, Amira"]
[Result "1-0"]
[WhiteElo "2165"]
[BlackElo "1912"]
[EventDate "2017.07.02"]
[PlyCount "97"]

1.e4 e6 2.d4 d5 3.Nc3 dxe4 4.Nxe4 Nd7 5.Nf3 Ngf6 6.Nxf6+ Nxf6 7.Bd3 c5 8.
c3 cxd4 9.cxd4 Bb4+ 10.Bd2 Bxd2+ 11.Qxd2 O-O 12.O-O Qd6 13.Rfd1 b6 14.Ne5 
Bb7 15.Qf4 Qb4 16.Qh4 h6 17.b3 Qe7 18.Re1 Nd5 19.Qg3 Rfd8 20.Re4 Nf6 21.
Rh4 h5 22.Qg5 Rac8 23.Rxh5 Rxd4 24.Rh7 Qf8 25.Rh3 Qc5 26.Rg3 Ne8 27.Qh5 
Rc7 28.Re1 Qb4 29.Qh7+ Kf8 30.Qh8+ Ke7 31.Rge3 Bd5 32.Qg8 Rxd3 33.Nxd3 Qg4
34.f3 Qg5 35.Nb4 Nf6 36.Nxd5+ Qxd5 37.Rxe6+ fxe6 38.Qxg7+ Kd6 39.Qxf6 Qc5+
40.Kh1 Re7 41.h4 Qc2 42.h5 Qd2 43.Qe5+ Kd7 44.a4 Qf2 45.Rd1+ Ke8 46.Qh8+ 
Kf7 47.Qh7+ Kf6 48.Qg6+ Ke5 49.Qg5# 1-0

[Event "11th Africa-ch (w)"]
[Site "Oran ALG"]
[Date "2017.07.08"]
[Round "7"]
[White "Mezioud, Amina"]
[Black "Nassr, Lina"]
[Result "1-0"]
[WhiteElo "2065"]
[BlackElo "1751"]
[EventDate "2017.07.02"]
[PlyCount "64"]

1.e4 c5 2.Nf3 e6 3.d4 cxd4 4.Nxd4 Nf6 5.Bd3 Nc6 6.Nxc6 bxc6 7.O-O d5 8.Nc3
Be7 9.Re1 O-O 10.e5 Nd7 11.Bf4 f5 12.exf6 Nxf6 13.Be5 Bd6 14.f4 Qe7 15.Kh1
Rf7 16.Qe2 Nd7 17.Qh5 Nf8 18.Rf1 Bd7 19.Rae1 c5 20.b3 Bc6 21.Rf3 d4 22.Rh3
h6 23.Nd1 Bxe5 24.fxe5 Rd8 25.Rg3 Kh8 26.Qg4 Rb8 27.Kg1 Be8 28.Nf2 Nd7 29.
Nh3 Qf8 30.Qxe6 Re7 31.Qd5 Bf7 32.Qe4 Bg8 1-0

[Event "11th Africa-ch (w)"]
[Site "Oran ALG"]
[Date "2017.07.08"]
[Round "7"]
[White "Caxita, Esperanca"]
[Black "Hamlaoui, Asma"]
[Result "0-1"]
[WhiteElo "1876"]
[BlackElo "1734"]
[EventDate "2017.07.02"]
[PlyCount "62"]

1.e4 e6 2.d4 d5 3.e5 c5 4.c3 Qb6 5.Nf3 Bd7 6.Be2 Bb5 7.O-O Bxe2 8.Qxe2 
cxd4 9.Nxd4 Nc6 10.Rd1 Nge7 11.Kh1 Nxd4 12.cxd4 Nf5 13.Be3 Rc8 14.Nc3 Be7 
15.Rd3 O-O 16.Rad1 Bb4 17.Qg4 Bxc3 18.bxc3 Nxe3 19.Rxe3 Qb2 20.Rdd3 Rxc3 
21.h4 Rxd3 22.Rxd3 Qxf2 23.Rg3 g6 24.Rf3 Qe1+ 25.Kh2 Qd2 26.Rf4 h5 27.Qg5 
b5 28.Qg3 a5 29.Rf6 Kg7 30.Rf4 b4 31.Qg5 Kg8 0-1

[Event "11th Africa-ch (w)"]
[Site "Oran ALG"]
[Date "2017.07.08"]
[Round "7"]
[White "Marzouk, Amira"]
[Black "Chihi, Malak"]
[Result "1/2-1/2"]
[WhiteElo "1702"]
[BlackElo "1623"]
[EventDate "2017.07.02"]
[PlyCount "64"]

1.d4 d5 2.Bf4 e6 3.e3 Nf6 4.Nf3 c5 5.c3 Nc6 6.Nbd2 Qb6 7.Qb3 Qxb3 8.axb3 
Bd7 9.h3 cxd4 10.exd4 Be7 11.Bd3 a6 12.b4 O-O 13.O-O Na7 14.Nb3 Bb5 15.
Bxb5 Nxb5 16.Nc5 Bxc5 17.bxc5 Nd7 18.Rfe1 Rfc8 19.Ne5 Nxe5 20.Bxe5 Rc6 21.
Ra2 b6 22.cxb6 Rxb6 23.Rea1 Nd6 24.Bxd6 Rxd6 25.b4 Rb6 26.Ra5 Kf8 27.Kf1 
Ke7 28.Rc5 Kd7 29.Ke2 Rc8 30.Kd3 Rcc6 31.Re1 Rb5 32.Ra1 Rbb6 1/2-1/2